Injected cavity fills - the simplest way to comply with new building regulations for walls (Record no. 68054)

MARC details
000 -LEADER
fixed length control field 01107cam a2200217 4500
001 - CONTROL NUMBER
control field ABS64324
008 - FIXED-LENGTH DATA ELEMENTS--GENERAL INFORMATION
fixed length control field 010822n2001 000 0 eng u
035 ## - SYSTEM CONTROL NUMBER
System control number (Sirsi) u114249
245 ## - TITLE STATEMENT
Title Injected cavity fills - the simplest way to comply with new building regulations for walls
260 ## - PUBLICATION, DISTRIBUTION, ETC.
Date of publication, distribution, etc. 2001
490 ## - SERIES STATEMENT
Series statement Building Engineer
Volume/sequential designation 76(8) August 2001, 30(1)
520 ## - SUMMARY, ETC.
Summary, etc. The new Building Regulations, which come into force 2002, will require U-values for walls for energy efficient buildings to be 0.35W/m2K. In order to meet this requirement, the National Cavity Insulation Association (NCIA) suggests that the easiest way is to increase the cavity width to 75mm and to use an injected cavity fill with a standard aerated block on the inner leaf. Publications available: e-mail NCIA at [email protected].
590 ## - LOCAL NOTE (RLIN)
Local note ABS
650 ## - SUBJECT ADDED ENTRY--TOPICAL TERM
Topical term or geographic name entry element ENERGY EFFICIENCY
650 ## - SUBJECT ADDED ENTRY--TOPICAL TERM
Topical term or geographic name entry element ENERGY EFFICIENT BUILDINGS
650 ## - SUBJECT ADDED ENTRY--TOPICAL TERM
Topical term or geographic name entry element ENERGY EFFICIENCY STANDARDS
650 ## - SUBJECT ADDED ENTRY--TOPICAL TERM
Topical term or geographic name entry element CAVITY WALL INSULATION
650 ## - SUBJECT ADDED ENTRY--TOPICAL TERM
Topical term or geographic name entry element BUILDING REGULATIONS
9 (RLIN) 6224
690 ## - LOCAL SUBJECT ADDED ENTRY--TOPICAL TERM (OCLC, RLIN)
Topical term or geographic name as entry element BUILDING AND CONSTRUCTION-ENERGY MANAGEMENT
942 ## - ADDED ENTRY ELEMENTS (KOHA)
Suppress in OPAC 0
Holdings
Withdrawn status Lost status Source of classification or shelving scheme Damaged status Not for loan Home library Current library Shelving location Date acquired Total Checkouts Full call number Barcode Date last seen Copy number Price effective from Koha item type
    Dewey Decimal Classification     London London Journal article 22/08/2001   ABS64324 114249-1001 06/08/2019 1 06/08/2019 Journal article